[Event "Australian Open"]
[Site "Manly Sydney AUS"]
[Date "2009.01.04"]
[Round "5"]
[White "Jakirlic,N"]
[Black "Davis,T2"]
[Result "0-1"]
[WhiteElo "2162"]
[BlackElo "1967"]

1.e4 e6 2.d4 d5 3.Nc3 Bb4 4.e5 Qd7 5.Ne2 b6 6.g3 Nc6 7.Bh3 Ba6 8.O-O h5 9.f4 Nh6
10.Rf3 Nf5 11.Bxf5 exf5 12.a3 Be7 13.b4 Bc4 14.Be3 Nd8 15.Rb1 a5 16.Nc1 axb4
17.axb4 O-O 18.Rf2 g6 19.Rg2 Nc6 20.h3 Ra3 21.b5 Na7 22.Bd2 Nxb5 23.Nxb5 Bxb5
24.g4 hxg4 25.e6 fxe6 26.hxg4 Kf7 27.Qe1 Rf3 28.Rxb5 Qxb5 29.Re2 Rh8 30.Nd3 Rfh3
31.c4 Rh1+ 32.Kf2 R8h2+ 33.Kf3 Rxe1 34.Rxh2 Qb3  0-1

[Event "14th Open"]
[Site "Bosnjaci CRO"]
[Date "2009.01.06"]
[Round "6"]
[White "Ivekovic,Z"]
[Black "Martinovic,Sa"]
[Result "1-0"]
[WhiteElo "2266"]
[BlackElo "2427"]

1.e4 e6 2.d4 d5 3.Nc3 Bb4 4.e5 b6 5.Qg4 Bf8 6.Bd3 Qd7 7.Nf3 Ba6 8.Bxa6 Nxa6
9.O-O Ne7 10.Ne2 h6 11.a4 O-O-O 12.c3 Nf5 13.b4 g5 14.Nd2 Be7 15.Nb3 Rdf8
16.Ba3 Qxa4 17.Rfb1 Qb5 18.c4 dxc4 19.Nc3 Qd7 20.b5 Nb8 21.Bxe7 Nxe7 22.Nd2 Nd5
23.Nce4 f5 24.exf6 Nxf6 25.Nxf6 Rxf6 26.Nxc4 Rf4 27.Qe2 Qxd4 28.Qxe6+ Kb7
29.Ne3 Rhf8 30.Rd1 Qe4 31.Qa2 Rxf2 32.Qxa7+ Kc8 33.Rac1 Qe5 34.Kh1 R2f7 35.Nc4 Qc5
36.Nxb6+ cxb6 37.Rxc5+ bxc5 38.Qxc5+ Kb7 39.h3 Rf1+ 40.Rxf1 Rxf1+ 41.Kh2 Rd1
42.Qf8 Rb1 43.Qf7+  1-0

[Event "Bela Perenyi Mem"]
[Site "Budapest HUN"]
[Date "2009.01.13"]
[Round "5"]
[White "To,N"]
[Black "Orfei,R"]
[Result "1-0"]
[WhiteElo "2356"]
[BlackElo "2044"]

1.e4 e6 2.d4 d5 3.Nc3 Bb4 4.e5 Qd7 5.a3 Bxc3+ 6.bxc3 b6 7.Qg4 f5 8.Qg3 Ba6
9.Bxa6 Nxa6 10.Ne2 O-O-O 11.a4 Nb8 12.a5 b5 13.a6 g6 14.h4 Ne7 15.Ba3 Rdg8
16.Nf4 Nec6 17.Bc5 Qe8 18.Qd3 Nd7 19.Qxb5 Nxc5 20.Qxc5 Kd7 21.c4 Qe7 22.cxd5 Qxc5
23.dxc5 Nxe5 24.O-O-O Rb8 25.Rd4 Rb5 26.Re1 Ng4 27.Nxe6 Rhb8 28.Kd2 Nxf2
29.Rf1 Ne4+ 30.Rxe4 fxe4 31.Rf7+ Ke8 32.Rxh7 Rb2 33.d6 Rd8 34.Re7+  1-0

[Event "ch-BLR w"]
[Site "Minsk BLR"]
[Date "2009.01.21"]
[Round "7"]
[White "Homiakova,Ek"]
[Black "Stetsko,L"]
[Result "0-1"]
[WhiteElo "2110"]
[BlackElo "2096"]

1.e4 e6 2.d4 d5 3.Nc3 Bb4 4.e5 Ne7 5.Bd2 Bxc3 6.Bxc3 b6 7.f4 Ba6 8.Bxa6 Nxa6
9.Qd3 Qc8 10.Nf3 c5 11.O-O cxd4 12.Nxd4 Nc5 13.Qb5+ Qd7 14.Qxd7+ Kxd7 15.f5 Rhf8
16.f6 gxf6 17.exf6 Ng6 18.Bd2 Ne4 19.Bh6 Rfc8 20.c3 b5 21.Nf3 Rc4 22.h4 Ng3
23.Rfe1 Ke8 24.Rad1 Rd8 25.Bg5 h6 26.Bxh6 Nxh4 27.Ne5 Re4 28.Kf2 Nhf5 29.Bc1 Rc8
30.Rd3 Rxe1 31.Kxe1 Kf8 32.Bf4 Ne4 33.g4 Nfd6 34.Bh6+ Kg8 35.g5 Nc4 36.Nxc4 Rxc4
37.Rh3 Kh7 38.Bf8+ Kg6 39.Be7 Nxg5 40.Rh8 a6 41.Kd2 Ne4+ 42.Kd3 Nxf6 43.Ra8 Rc6
44.Rh8 Ne4 45.Rh1 Nf2+  0-1

[Event "1st Open"]
[Site "Gurgon IND"]
[Date "2009.01.22"]
[Round "2"]
[White "Konguvel,P"]
[Black "Vinoth,K"]
[Result "1-0"]
[WhiteElo "2462"]
[BlackElo "2204"]

1.e4 e6 2.d4 d5 3.Nc3 Bb4 4.e5 b6 5.a3 Bf8 6.Nf3 Ne7 7.Bb5+ c6 8.Ba4 Ba6
9.Ne2 Nf5 10.O-O Be7 11.c3 g5 12.g4 Ng7 13.Re1 h5 14.h3 hxg4 15.hxg4 Kd7
16.Ng3 Kc7 17.Be3 Nd7 18.Qd2 Qg8 19.Bc2 Rf8 20.Kg2 f5 21.exf6 Nxf6 22.Bxg5 Bd6
23.Bxf6 Rxf6 24.Ne5 Nf5 25.gxf5 Rh4 26.Rh1 Re4 27.Bxe4 dxe4 28.Rh5 exf5 29.Qg5 Qf8
30.Rh7+  1-0

[Event "ch-PriFO"]
[Site "Kazan RUS"]
[Date "2009.01.23"]
[Round "3"]
[White "Khairullin,I"]
[Black "Skomorokhin,R"]
[Result "1-0"]
[WhiteElo "2574"]
[BlackElo "2413"]

1.e4 e6 2.d4 d5 3.Nc3 Bb4 4.e5 b6 5.a3 Bf8 6.b4 c5 7.bxc5 bxc5 8.Nf3 Nc6
9.Bg5 Be7 10.h4 h6 11.Bf4 Bd7 12.Bd3 a6 13.dxc5 Bxc5 14.O-O Nd4 15.Be3 Nxf3+
16.Qxf3 Qc8 17.Qg4 Ne7 18.Ne2 g6 19.h5 g5 20.Bxc5 Qxc5 21.Nd4 O-O 22.Nb3 Qc3
23.f4 f5 24.exf6 Qxf6 25.fxg5 Qxg5 26.Qxg5+ hxg5 27.Nc5 Rxf1+ 28.Rxf1 Be8
29.h6 Bf7 30.Bh7+ Kf8 31.Nxe6+  1-0

[Event "Queenstown Classic"]
[Site "Queenstown NZL"]
[Date "2009.01.24"]
[Round "10"]
[White "Dragicevic,Do"]
[Black "Steadman,M"]
[Result "1-0"]
[WhiteElo "2205"]
[BlackElo "2273"]

1.e4 e6 2.d4 d5 3.Nc3 Bb4 4.e5 b6 5.Qg4 Bf8 6.Nh3 Nc6 7.Be3 Qd7 8.Nf4 Nh6
9.Qh3 Nf5 10.O-O-O Bb7 11.g4 Nxe3 12.fxe3 g6 13.e4 dxe4 14.d5 O-O-O 15.dxc6 Qxc6
16.Rxd8+ Kxd8 17.Bg2 Qc5 18.Bxe4 Bxe4 19.Nxe4 Qxe5 20.Qd3+ Ke7 21.Qa3+ Ke8
22.Qa4+ Ke7 23.Nd3 Bh6+ 24.Kb1 Qd5 25.Qa3+ Kd8 26.Rd1 Kc8 27.Ndf2 Qc6 28.g5 Bf8
29.Qa6+  1-0

[Event "1st Open"]
[Site "Gurgon IND"]
[Date "2009.01.26"]
[Round "7"]
[White "Shashikant,K"]
[Black "Ulibin,M"]
[Result "1/2-1/2"]
[WhiteElo "2285"]
[BlackElo "2511"]

1.e4 e6 2.d4 d5 3.Nc3 Bb4 4.e5 b6 5.a3 Bxc3+ 6.bxc3 Qd7 7.Qg4 f5 8.Qg3 Ba6
9.Bxa6 Nxa6 10.Ne2 Kf7 11.a4 c5 12.h4 cxd4 13.cxd4 Nb4 14.Qb3 Nc6 15.Bd2 Nge7
16.O-O Rhc8 17.Qg3 Na5 18.Bxa5 bxa5 19.c3 Rab8 20.Rfb1 Rxb1+ 21.Rxb1 Qxa4
22.Nf4 Qc6 23.Qg5 h6 24.Qh5+ Kg8 25.Qd1 Kh7 26.h5 Qd7 27.Qb3 Nc6 28.Qa3 Kg8
29.Qa4 Nxe5 30.Qxd7 Nxd7 31.Rb7 Nf6 32.Nxe6 Nxh5 33.Nc7 Nf4 34.Kf1 Rd8 35.g3 Nh5
36.Rxa7 Rd7 37.Ra8+ Kf7 38.Nb5 f4 39.Kg2 fxg3 40.fxg3 Nf6 41.Rxa5 Ne4 42.Ra6 Rd8
43.Rc6 h5 44.c4 dxc4 45.Rxc4 Rb8 46.Nc3 Rb2+ 47.Kh3 Nf6 48.Rc5 Kg6 49.Nd5 Ne4
50.Nf4+ Kf7 51.Rc7+ Kf6 52.Nxh5+ Kg5 53.Nf4 Nf2+ 54.Kg2 Ng4+ 55.Kf1 Nh2+
56.Ke1 Nf3+ 57.Kd1 Nxd4 58.Rxg7+ Kf5 59.Re7 Kg4 60.Ne2 Nxe2 61.Rxe2 Rxe2  1/2-1/2

[Event "ch-PriFO"]
[Site "Kazan RUS"]
[Date "2009.01.27"]
[Round "7"]
[White "Ivanov,Ro"]
[Black "Sadykov,Ra"]
[Result "0-1"]
[WhiteElo "2252"]
[BlackElo "2143"]

1.e4 e6 2.d4 d5 3.Nc3 Bb4 4.e5 Qd7 5.Ne2 b6 6.a3 Bf8 7.Ng3 Ba6 8.Bxa6 Nxa6
9.Qd3 Nb8 10.Nce2 c5 11.c3 c4 12.Qc2 Nc6 13.O-O h5 14.Bd2 Be7 15.Nc1 Na5
16.Re1 g6 17.Nf1 Nh6 18.Ne3 Nf5 19.Nf1 Kf8 20.Re2 Kg7 21.Be1 b5 22.f3 Nc6
23.Qd2 a5 24.Ne3 Nxe3 25.Qxe3 Qb7 26.b3 cxb3 27.Nxb3 a4 28.Nc5 Qa7 29.Rb1 Rab8
30.Bf2 Na5 31.Qf4 Nc4 32.Ra1 h4 33.Qc1 Rh5 34.f4 Bxc5 35.dxc5 Na5 36.Qe3 Nb3
37.Rb1 Rd8 38.Ree1 Qe7 39.Red1 Rc8 40.Qe2 Nxc5 41.Qxb5 Ne4 42.Qa6 Rxc3 43.Bd4 Rc7
44.Rb8 Rh8 45.Rdb1 Rxb8  0-1

[Event "7th Gibtelecom Masters"]
[Site "Caleta ENG"]
[Date "2009.01.31"]
[Round "5"]
[White "Salem,I"]
[Black "Linqvist,G"]
[Result "0-1"]
[WhiteElo "2171"]
[BlackElo "2034"]

1.e4 e6 2.d4 d5 3.Nc3 Bb4 4.e5 Qd7 5.a3 Bxc3+ 6.bxc3 b6 7.Qg4 f5 8.Qg3 Ba6
9.Bxa6 Nxa6 10.Nf3 Nb8 11.O-O Nc6 12.a4 Na5 13.Nd2 Kf7 14.Ba3 Ne7 15.Nf3 Rhe8
16.h4 Rac8 17.h5 Nc4 18.Ng5+ Kg8 19.Bc1 c5 20.h6 g6 21.Nh3 Nc6 22.Nf4 Qf7
23.Nh5 Rf8 24.Nf6+ Kh8 25.Rd1 Nb8 26.Bg5 Nd7 27.Qh4 Nxf6 28.Bxf6+ Kg8 29.Rd3 Nb2
30.Rd2 Nc4 31.Rd3 Nb2 32.Rd2 Nc4 33.Re2 cxd4 34.cxd4 Rc7 35.f3 Rfc8 36.g4 f4
37.Qh2 Ne3 38.Qxf4 Nxc2 39.Ra2 Rc4 40.Rd2 Qf8 41.Kf2 Rc3 42.Ke2 R8c4 43.g5 Qf7
44.Rb2 Nb4 45.Qg4 Nc6 46.Kf2 Rxa4 47.Rbc2 Rac4 48.Rxc3 Rxc3 49.f4 Rc4 50.Ke3 Qd7
51.Qg2 Kf7 52.Qh1 b5 53.Qa1 a5 54.Kf2 Qa7 55.f5 exf5 56.e6+ Kxe6 57.Re2+ Kf7
58.Qh1 Qd7 59.Qb1 b4 60.Qd1 Qd6 61.Be5 Nxe5 62.Rxe5 Qc6 63.Qe1 Rc2+ 64.Kf3 Qc3+
65.Qxc3 Rxc3+ 66.Kf4 b3 67.Rxd5 b2 68.Rb5 Rc2 69.Ke5 Ke7 70.Rb7+ Kd8 71.Kf6 a4
72.Kg7 Rc7+ 73.Rxc7 Kxc7 74.Kxh7 b1=Q 75.Kg7 f4 76.h7 Qh1 77.h8=Q Qxh8+ 78.Kxh8 f3  0-1

[Event "7th Gibtelecom Masters"]
[Site "Caleta ENG"]
[Date "2009.02.01"]
[Round "6"]
[White "Bates,C"]
[Black "Miedema,R"]
[Result "0-1"]
[WhiteElo "2142"]
[BlackElo "2325"]

1.e4 e6 2.d4 d5 3.Nc3 Bb4 4.e5 Ne7 5.a3 Bxc3+ 6.bxc3 c5 7.Qg4 O-O 8.Bd3 Nbc6
9.Nf3 f5 10.exf6 Rxf6 11.Qh4 h6 12.O-O c4 13.Be2 Bd7 14.Ne5 Be8 15.f4 Nxe5
16.fxe5 Rxf1+ 17.Kxf1 Bg6 18.a4 Bxc2 19.Ba3 Ng6 20.Qg3 Kh7 21.Bg4 Qb6 22.a5 Qxa5
23.Kg1 Bd3 24.Qe1 Qb6 25.Bc5 Qb2 26.Qc1 Qxc1+ 27.Rxc1 b6 28.Bd6 Nf4 29.g3 h5
30.Bd1 Ne2+ 31.Bxe2 Bxe2 32.Ra1 a5 33.Bc7 Ra6 34.Rb1 a4 35.Bxb6 a3 36.Bc5 Bd3
37.Ra1 a2 38.Kf2 Bb1 39.Ke3 Kg6 40.Kf4 Rc6 41.Bd6 Rb6 42.Bb4 Rxb4 43.cxb4 c3
44.Ke3 Kf7 45.Ke2 Ke7 46.Kd1 Kd7 47.Kc1 Kc6 48.Rxb1 axb1=B 49.Kxb1 Kb5  0-1

[Event "7th Gibtelecom Masters"]
[Site "Caleta ENG"]
[Date "2009.02.02"]
[Round "7"]
[White "Hagesaether,A"]
[Black "Linqvist,G"]
[Result "1-0"]
[WhiteElo "2184"]
[BlackElo "2034"]

1.e4 e6 2.d4 d5 3.Nc3 Bb4 4.e5 Qd7 5.a3 Bxc3+ 6.bxc3 b6 7.Qg4 f5 8.Qg3 Ba6
9.Bxa6 Nxa6 10.Ne2 Kf7 11.O-O Ne7 12.Qd3 Nb8 13.Bg5 Nbc6 14.Bxe7 Qxe7 15.c4 dxc4
16.Qxc4 Qd7 17.Rad1 Na5 18.Qc3 Rad8 19.d5 exd5 20.Nf4 Qc6 21.e6+ Kg8 22.Qe5 Nc4
23.Qxf5 Rf8 24.Qg5 h6 25.Qg3 Rf5 26.Ng6 Qe8 27.Nxh8 Kxh8 28.Qxc7 Qxe6 29.Rfe1 Qf6
30.Re2 Nd6 31.Qxa7 Ne4 32.Rxe4 dxe4 33.Qa8+ Qf8 34.Qxe4 Ra5 35.a4 Qa8 36.Qxa8+ Rxa8
37.Ra1 Ra5 38.Kf1 b5 39.Ke2 bxa4 40.Ra3 g5 41.c4 Kg7 42.Kd3 h5 43.Kc3 g4
44.Kb4 Re5 45.Ra2 Kf6 46.Kxa4 Ke6 47.Rd2 h4 48.Kb4 Re1 49.c5 Rb1+ 50.Ka4  1-0

[Event "7th Gibtelecom Masters"]
[Site "Caleta ENG"]
[Date "2009.02.04"]
[Round "9"]
[White "Arakhamia,K"]
[Black "Quillan,G"]
[Result "1-0"]
[WhiteElo "2500"]
[BlackElo "2357"]

1.e4 e6 2.d4 d5 3.Nc3 Bb4 4.e5 Ne7 5.a3 Bxc3+ 6.bxc3 c5 7.a4 Qa5 8.Bd2 Nbc6
9.Nf3 Bd7 10.Bb5 Qc7 11.O-O O-O 12.Re1 f6 13.exf6 gxf6 14.Bh6 Rf7 15.Qd2 Re8
16.c4 cxd4 17.cxd5 Nxd5 18.Nxd4 Nxd4 19.Qxd4 Qxc2 20.Bxd7 Rxd7 21.Rxe6 Rxe6
22.Qg4+ Kh8 23.Qxe6 Rd8 24.g3 Qg6 25.Rd1 Qxh6 26.Rxd5 Qf8 27.Rxd8 Qxd8 28.Qf7 b6
29.h4 a6 30.h5 h6 31.Qg6 Qf8 32.Qd3 Qe8 33.Qxa6 Qe1+ 34.Qf1 Qe4 35.Qc1 Kg7
36.Qc7+ Kg8 37.Qd8+ Kg7 38.Qd7+ Kg8 39.Kh2 Qe2 40.Qd5+ Kf8 41.Kg2 Qb2 42.Qa8+ Ke7
43.Qb7+ Kd6 44.a5  1-0

[Event "Open C Women"]
[Site "Moscow RUS"]
[Date "2009.02.04"]
[Round "5"]
[White "Ubiennykh,E"]
[Black "Zhukova,N"]
[Result "0-1"]
[WhiteElo "2285"]
[BlackElo "2490"]

1.e4 e6 2.d4 d5 3.Nc3 Bb4 4.e5 Ne7 5.Qg4 Nf5 6.h4 h5 7.Qf4 Nc6 8.Be3 Nce7
9.Bd3 Ng6 10.Qh2 Qxh4 11.Bxf5 Qxh2 12.Rxh2 exf5 13.Ne2 Be6 14.O-O-O Be7 15.Rdh1 h4
16.f4 O-O-O 17.Ng1 Rh6 18.Nce2 Rdh8 19.Kd2 Bd7 20.Nf3 Nf8 21.Bf2 Ng6 22.Ke3 b6
23.Neg1 Kb7 24.Nh3 f6 25.Be1 c5 26.c3 Rc8 27.Nf2 cxd4+ 28.cxd4 fxe5 29.Nxe5 Nxe5
30.dxe5 Rc2 31.Nd3 Bb5 32.Bxh4 d4+ 33.Kxd4 Rd2 34.e6 Rxe6 35.Rh3 Bxh4 36.Kc3 Rxd3+
37.Rxd3 Bf6+  0-1

[Event "14th HIT Open"]
[Site "Nova Gorica SLO"]
[Date "2009.02.05"]
[Round "7"]
[White "Jeran,B"]
[Black "Mazi,L"]
[Result "0-1"]
[WhiteElo "2229"]
[BlackElo "2377"]

1.e4 e6 2.d4 d5 3.Nc3 Bb4 4.e5 b6 5.Qg4 Bf8 6.Bg5 Qd7 7.O-O-O h6 8.Be3 Ba6
9.Bxa6 Nxa6 10.Qe2 Nb4 11.a3 Nc6 12.f4 Nge7 13.Nf3 Na5 14.Kb1 O-O-O 15.g4 Kb7
16.Rhf1 Nec6 17.f5 Be7 18.Qd3 Rdf8 19.Nd2 Ka8 20.Rde1 Nd8 21.f6 gxf6 22.exf6 Bd6
23.Nf3 c5 24.dxc5 bxc5 25.Qa6 Nc4 26.Na4 Qc7 27.Bc1 Nc6 28.Nc3 Rb8 29.Nd2 Rb6
30.Qa4 Nxd2+ 31.Bxd2 Rhb8 32.Nd1 Qb7 33.Bc1 c4 34.c3 Ra6 35.Qc2 Rxa3 36.Bxh6 Na5
37.Bc1 Qa6 38.Qd2 Nb3 39.Qh6 Ra1+ 40.Kc2 Qa2 41.Nf2 Qb1+ 42.Kd1 Nxc1  0-1

[Event "14th HIT Open"]
[Site "Nova Gorica SLO"]
[Date "2009.02.07"]
[Round "9"]
[White "Kokol,P"]
[Black "Zorko,Ju"]
[Result "1/2-1/2"]
[WhiteElo "2332"]
[BlackElo "2396"]

1.e4 e6 2.d4 d5 3.Nc3 Bb4 4.e5 Ne7 5.Bd2 b6 6.f4 Qd7 7.Nf3 Ba6 8.Bd3 c5 9.O-O Bxd3
10.cxd3 cxd4 11.Ne2 Bxd2 12.Qxd2 Nbc6 13.Nexd4 Nxd4 14.Nxd4 O-O 15.Qb4 Rfc8
16.Rac1 Nc6 17.Nxc6 Rxc6 18.Rxc6 Qxc6 19.Qc3 Qxc3 20.bxc3 Rc8 21.Rc1 f5 22.Kf2 d4
23.c4 Rc5 24.a4 Ra5 25.Ra1 Kf7 26.Ke2 g5 27.Kf3 Kg6 28.g3 Kh5 29.h3 Kg6 30.Ra2 h5
31.h4 g4+ 32.Ke2 Kf7 33.Kd2 Ke7 34.Kc2 Kd7 35.Kb3 Kc6 36.Ka3 Rc5 37.Kb4 a5+  1/2-1/2

[Event "TCh-FIN"]
[Site "Finland FIN"]
[Date "2009.02.14"]
[Round "6"]
[White "Verkasalo,T"]
[Black "Behm,J"]
[Result "1/2-1/2"]
[WhiteElo "2097"]
[BlackElo "2082"]

1.e4 e6 2.d4 d5 3.Nc3 Bb4 4.e5 Qd7 5.a3 Bf8 6.f4 b6 7.Nf3 Nc6 8.Be3 Bb7 9.Bd3 h5
10.Qe2 Nh6 11.O-O-O O-O-O 12.h3 Be7 13.Rhg1 Na5 14.g4 hxg4 15.hxg4 c5 16.dxc5 bxc5
17.Ba6 Qc7 18.Bxb7+ Qxb7 19.Na4 Nc4 20.b3 Nxe3 21.Qxe3 Qc6 22.Qc3 Kb8 23.Qa5 Qc7
24.Qxc7+ Kxc7 25.c3 a5 26.Kc2 Rd7 27.Rb1 Rb8 28.Kd3 c4+ 29.bxc4 dxc4+ 30.Kxc4 Rxb1
31.Rxb1 Nxg4 32.Nd4 Ne3+ 33.Kd3 Nf5 34.Rb5 Nxd4 35.cxd4 Rd5 36.Rb3 g5 37.Nc3 Rd8
38.fxg5 Bxg5 39.Rb5 Ra8 40.Rc5+ Kd7  1/2-1/2

[Event "2nd Pfalz Open"]
[Site "Neustadt an der Weinstrasse GER"]
[Date "2009.02.22"]
[Round "9"]
[White "Muzychuk,M"]
[Black "Macak,S"]
[Result "1-0"]
[WhiteElo "2427"]
[BlackElo "2527"]

1.e4 e6 2.d4 d5 3.Nc3 Bb4 4.e5 Qd7 5.a3 Bxc3+ 6.bxc3 b6 7.Qg4 f5 8.Qg3 Ba6
9.Bxa6 Nxa6 10.Ne2 O-O-O 11.a4 Nb8 12.Qd3 Nc6 13.Bg5 Re8 14.c4 h6 15.Bd2 dxc4
16.Qxc4 Rd8 17.a5 Kb8 18.O-O Nge7 19.Rfb1 Nxd4 20.Nxd4 Qxd4 21.Qxe6 Rhe8
22.axb6 cxb6 23.Bb4 Nc8 24.Qxf5 Rxe5 25.Qf3 Qd5 26.Qg3 Ka8 27.c4 Qe6 28.Qf3+ Kb8
29.c5 Red5 30.cxb6 axb6 31.Qa3 Kc7 32.Rc1+ Kd7 33.Qg3 Re5 34.Qxg7+ Ke8 35.Rc7  1-0

[Event "81st ch-StP"]
[Site "St Petersburg RUS"]
[Date "2009.02.28"]
[Round "12"]
[White "Pogosian,Vl"]
[Black "Vysochin,S"]
[Result "0-1"]
[WhiteElo "2308"]
[BlackElo "2526"]

1.e4 e6 2.d4 d5 3.Nc3 Bb4 4.e5 Ne7 5.Qg4 c5 6.Qxg7 Rg8 7.Qh6 cxd4 8.a3 dxc3
9.axb4 Qc7 10.Nf3 cxb2 11.Bxb2 Qxc2 12.Bd4 Nbc6 13.Bb5 Qe4+ 14.Kf1 Nf5 15.Bxc6+ bxc6
16.Qd2 a5 17.b5 c5 18.Be3 Bd7 19.Rxa5 Qb1+ 20.Ne1 Rxa5 21.Qxa5 Qxb5+ 22.Qxb5 Bxb5+
23.Kg1 d4 24.Bf4 c4 25.f3 Kd7 26.Kf2 Ra8 27.g4 Ra2+ 28.Kg1 Ne7 29.h4 Nd5
30.Bg5 c3 31.Rh2 Ra1 32.Kf2 d3  0-1

[Event "25th Open"]
[Site "Cappelle la Grande FRA"]
[Date "2009.03.06"]
[Round "8"]
[White "Sulskis,S"]
[Black "Apicella,M"]
[Result "0-1"]
[WhiteElo "2573"]
[BlackElo "2517"]

1.e4 e6 2.d4 d5 3.Nc3 Bb4 4.e5 Ne7 5.a3 Bxc3+ 6.bxc3 c5 7.Qg4 O-O 8.Bd3 Nbc6
9.Qh5 Ng6 10.Nf3 Qc7 11.h4 cxd4 12.Kd1 dxc3 13.Rh3 Nce7 14.Ng5 h6 15.Nf3 f5
16.Bxh6 gxh6 17.Qxh6 Kf7 18.Bb5 Rh8 19.Qg5 Bd7 20.Bxd7 Qxd7 21.h5 Rag8 22.hxg6+ Rxg6
23.Rxh8 Rxg5 24.Nxg5+ Kg6 25.f4 Qb5 26.Ke1 Qb2 27.Rd1 Qxc2 28.Re8 Qb3 29.Ra1 Qb2
30.Rd1 c2 31.Rxe7 Qb3 32.Rxe6+ Kh5 33.Ra1 Qc3+ 34.Kf2 Qxa1 35.Nf3 c1=Q 36.Kg3 Qe3  0-1

[Event "Tancats de la Societat Coral C MC"]
[Site "Sabadell ESP"]
[Date "2009.03.06"]
[Round "7"]
[White "Escofet Martin,D"]
[Black "Canovas Pardo,A"]
[Result "1-0"]
[WhiteElo "2159"]
[BlackElo "2110"]

1.e4 e6 2.d4 d5 3.Nc3 Bb4 4.e5 Ne7 5.Bd2 O-O 6.f4 b6 7.Nf3 Bxc3 8.bxc3 Ba6
9.Bxa6 Nxa6 10.Qe2 Qc8 11.O-O c5 12.g4 cxd4 13.cxd4 Qc4 14.Qxc4 dxc4 15.Ng5 Nd5
16.c3 b5 17.a3 Nb6 18.f5 Nc7 19.Rf3 h6 20.Ne4 Kh7 21.Raf1 exf5 22.Rxf5 Kg8
23.Nd6 Nbd5 24.Rxf7 Rxf7 25.Rxf7 a5 26.Rd7 Rb8 27.Nf5 b4 28.Rxg7+ Kh8 29.cxb4 axb4
30.Bxb4 Ne6 31.Rg6 Nef4 32.Rxh6+ Kg8 33.Rc6 Nxb4 34.axb4 Rxb4 35.e6 Nd5 36.Rc8+ Kh7
37.e7 Rb1+ 38.Kf2 Rb2+ 39.Kg3  1-0

[Event "10th EICC"]
[Site "Budva MNE"]
[Date "2009.03.14"]
[Round "8"]
[White "Kojovic,D"]
[Black "Pejovic,J"]
[Result "1-0"]
[WhiteElo "2403"]
[BlackElo "2214"]

1.e4 e6 2.d4 d5 3.Nc3 Bb4 4.e5 Qd7 5.Qg4 f5 6.Qg3 b6 7.a3 Bxc3+ 8.bxc3 Ba6
9.Bxa6 Nxa6 10.Ne2 Qf7 11.a4 Ne7 12.Qd3 Nb8 13.a5 O-O 14.c4 Nbc6 15.Bd2 Rad8
16.f4 dxc4 17.Qxc4 Rd7 18.axb6 cxb6 19.O-O Rfd8 20.Bc3 Rc8 21.Qa4 Qe8 22.Rf3 Rd5
23.Qb3 Qd7 24.Rd3 h6 25.Rad1 b5 26.Bb2 Na5 27.Qa2 Rxc2 28.R3d2 Rxd2 29.Rxd2 Nc4
30.Rd3 Nc6 31.Bc3 Nb6 32.Qd2 Na4 33.Bb4 Nxb4 34.Qxb4 Qd8 35.Rd1 a5 36.Qa3 Qd7
37.h3 b4 38.Qb3 Nc5 39.Qc4 Ne4 40.Rd3 Kh7 41.Re3 Rb5 42.g4 g6 43.h4 Rb6 44.d5 exd5
45.Qd4 Qe6 46.Qa1 b3 47.Nd4 b2 48.Qxb2 Rxb2 49.Nxe6 fxg4 50.Nc7 Rd2 51.e6 Rd1+
52.Kg2 Rd2+ 53.Kf1 Nf6 54.e7 Rd4 55.Re6 Rxf4+ 56.Kg2 Re4 57.Rxf6 Rxe7 58.Nxd5 Ra7
59.Rf2 h5 60.Ra2 g5 61.Kg3 Rf7 62.hxg5 Rf3+ 63.Kg2 Kg6 64.Rxa5 Kxg5 65.Ne3+ Kg6
66.Nc4 Rc3 67.Ne5+ Kh6 68.Rd5  1-0

[Event "10th EICC"]
[Site "Budva MNE"]
[Date "2009.03.15"]
[Round "9"]
[White "Berg,E"]
[Black "Drasko,M"]
[Result "1-0"]
[WhiteElo "2606"]
[BlackElo "2533"]

1.e4 e6 2.d4 d5 3.Nc3 Bb4 4.e5 Ne7 5.a3 Bxc3+ 6.bxc3 c5 7.Qg4 O-O 8.Bd3 f5
9.exf6 Rxf6 10.Bg5 Rf7 11.Qh5 g6 12.Qd1 Nbc6 13.Nf3 Qf8 14.O-O c4 15.Be2 h6
16.Bc1 Bd7 17.a4 Kh7 18.Ba3 Qb8 19.Qd2 Qc7 20.h3 Re8 21.Rae1 Kg7 22.Nh2 Nf5
23.Bg4 Nd6 24.Bc1 Rh8 25.Bxe6 Bxe6 26.Rxe6 Ne4 27.Rxe4 dxe4 28.d5 Rd7 29.Ng4 h5
30.Qg5 hxg4 31.dxc6 Qxc6 32.Qxg4 Re8 33.Be3 Qxa4 34.Bxa7 Rd5 35.Bd4+ Kh7
36.Qh4+ Rh5 37.Qf6 Qd7 38.Rb1 Rf5 39.Qh4+ Rh5 40.Qg3 Rd5 41.Rb6 Re6 42.Qh4+ Rh5
43.Qg4 Rf5 44.Rb4 b5 45.Rb1 Qf7 46.Ra1 Re7 47.Ra8 Ree5 48.Qh4+  1-0

[Event "10th Dos Hermanas Internet"]
[Site "ICC INT"]
[Date "2009.03.20"]
[Round "1.1"]
[White "Banikas,H"]
[Black "Grigoryan,Av"]
[Result "0-1"]
[WhiteElo "2582"]
[BlackElo "2506"]

1.e4 e6 2.d4 d5 3.Nc3 Bb4 4.e5 Ne7 5.a3 Bxc3+ 6.bxc3 c5 7.Qg4 O-O 8.Bd3 Nbc6
9.Qh5 Ng6 10.Nf3 Qc7 11.Be3 c4 12.Bxg6 fxg6 13.Qg4 Qf7 14.Ng5 Qe8 15.Nh3 h6
16.Nf4 Ne7 17.h4 Bd7 18.h5 g5 19.Nh3 Nf5 20.Bd2 b5 21.f4 gxf4 22.Nxf4 a5
23.Ke2 b4 24.axb4 axb4 25.Rxa8 Qxa8 26.Ng6 Rc8 27.Rf1 Qa2 28.Ne7+ Nxe7 29.Bxh6 Qxc2+
30.Ke1 Qb1+ 31.Ke2 Qc2+ 32.Ke1 Qb1+ 33.Ke2 Qh7 34.Bg5 Qd3+ 35.Kf2 Qf5+ 36.Qxf5 Nxf5
37.cxb4 c3 38.Rc1 c2 39.Be3 Ba4 40.g4 Nxe3 41.Kxe3 Rc3+ 42.Kd2 Rc4 43.Ra1 Rxd4+
44.Kc3 Rd1  0-1

[Event "Open A"]
[Site "Zagreb CRO"]
[Date "2009.03.25"]
[Round "5"]
[White "Mrdja,M"]
[Black "Kovacevic,Bl"]
[Result "0-1"]
[WhiteElo "2386"]
[BlackElo "2457"]

1.e4 e6 2.d4 d5 3.Nc3 Bb4 4.e5 Ne7 5.Bd2 b6 6.Qg4 O-O 7.O-O-O Ba6 8.Nf3 Bxf1
9.Rhxf1 Bxc3 10.Bxc3 c5 11.Qh3 Nbc6 12.Kb1 Rc8 13.Rfe1 Ng6 14.Qg3 cxd4 15.Bxd4 Nxd4
16.Rxd4 Rc4 17.Red1 Qc7 18.c3 Rc8 19.Qg5 b5 20.h4 b4 21.Rc1 bxc3 22.Rxc4 Qxc4
23.Rxc3 Qe4+ 24.Kc1 Rxc3+ 25.bxc3 h6 26.Qe3 Qc4 27.Kb2 Nf4 28.Ne1 a5 29.g3 Ng6
30.Nc2 Nf8 31.Qb6 a4 32.Qb4 Qa6 33.Qb8 g6 34.Qb4 Nd7 35.f4 Nb6 36.g4 Nc4+
37.Kc1 Kg7 38.Nd4 Ne3 39.f5 gxf5 40.gxf5 Qf1+ 41.Kd2 Nc4+ 42.Kc2 Qf2+ 43.Kb1 Qe1+  0-1

[Event "Open"]
[Site "Reykjavik ISL"]
[Date "2009.03.29"]
[Round "6"]
[White "Zak,Uri2"]
[Black "Macak,S"]
[Result "1-0"]
[WhiteElo "2198"]
[BlackElo "2527"]

1.e4 e6 2.d4 d5 3.Nc3 Bb4 4.e5 Ne7 5.a3 Bxc3+ 6.bxc3 c5 7.Qg4 O-O 8.Bd3 Nbc6
9.Qh5 Ng6 10.Nf3 Nce7 11.Bg5 f6 12.exf6 gxf6 13.Bh6 Rf7 14.g4 c4 15.Be2 Qd6
16.Rg1 Bd7 17.Rg3 Re8 18.Kf1 Nc6 19.Nh4 Nxh4 20.Qxh4 Ne7 21.g5 f5 22.g6 Nxg6
23.Bh5 Qe7 24.Qh3 Qf6 25.Qg2 f4 26.Rg5 Kh8 27.Bxg6 hxg6 28.Rxg6 Qf5 29.Bg7+ Kg8
30.Bf6+ Kh7 31.Rg7+ Kh6 32.Rxf7  1-0

[Event "TCh-HUN 2008-9"]
[Site "Szombathely HUN"]
[Date "2009.04.05"]
[Round "10"]
[White "Groszpeter,A"]
[Black "Macak,S"]
[Result "1/2-1/2"]
[WhiteElo "2554"]
[BlackElo "2546"]

1.e4 e6 2.d4 d5 3.Nc3 Bb4 4.e5 Ne7 5.a3 Bxc3+ 6.bxc3 c5 7.Qg4 O-O 8.Bd3 Nbc6
9.Nf3 f5 10.exf6 Rxf6 11.Bg5 e5 12.Qh4 e4 13.Bxf6 gxf6 14.Qxf6 exd3 15.cxd3 cxd4
16.Nxd4 Nxd4 17.Qxd4 Bf5 18.O-O Nc6 19.Qe3 d4 20.cxd4 Qxd4 21.Qg5+ Bg6 22.Rab1 b6
23.Rbc1 Ne5 24.h4 Nf7 25.Qg3 Qxd3 26.Qxd3 Bxd3 27.Rfe1 Rd8 28.Rc7 a5 29.Ree7 Bg6
30.g4 Rd4 31.f3 h5 32.Rc6 Kg7 33.Ree6 Nh8 34.Rc7+ Nf7 35.Rcc6 Nh8 36.Rc7+ Nf7
37.Rcc6  1/2-1/2

[Event "47th Doeberl Cup Premier"]
[Site "Canberra AUS"]
[Date "2009.04.09"]
[Round "2"]
[White "Pon,N"]
[Black "Davis,T2"]
[Result "1-0"]
[WhiteElo "2180"]
[BlackElo "1983"]

1.e4 e6 2.d4 d5 3.Nc3 Bb4 4.e5 Qd7 5.a3 Bxc3+ 6.bxc3 b6 7.Bd3 Nc6 8.Be3 Bb7
9.f4 Nh6 10.Nf3 O-O-O 11.O-O Na5 12.Qe2 Nf5 13.Bf2 Rde8 14.Rab1 h6 15.Be1 Reg8
16.Bd2 Kb8 17.Rb4 Qc8 18.g4 c5 19.dxc5 Qxc5+ 20.Nd4 Ne7 21.Be3 Qc8 22.Rfb1 Nec6
23.Rb5 g5 24.fxg5 hxg5 25.Nxc6+ Qxc6 26.Bd4 Nc4 27.Qf2 Nxa3 28.Rxb6 axb6
29.Rxb6 Qd7 30.Ba6 Rh7 31.Rxb7+ Qxb7 32.Bxb7 Kxb7 33.Qf6 Nxc2 34.Qe7+ Ka6
35.Bf2 Kb5 36.Qc5+ Ka4 37.Qb6 Rgh8 38.Qb2 Rxh2 39.Qxc2+ Kb5 40.Qb2+ Kc6 41.Qb6+ Kd7
42.Qb7+ Ke8 43.Qc8+  1-0

[Event "11th European Senior Team"]
[Site "Velden AUT"]
[Date "2009.04.13"]
[Round "9"]
[White "Nordstrom,F"]
[Black "Gundersen,H"]
[Result "1/2-1/2"]
[WhiteElo "2187"]
[BlackElo "2247"]

1.e4 e6 2.d4 d5 3.Nc3 Bb4 4.e5 Qd7 5.Bd2 b6 6.Bb5 c6 7.Ba4 a5 8.a3 Bf8 9.Nf3 Ba6
10.Ne2 Bb5 11.Bxb5 cxb5 12.O-O Ne7 13.Nf4 h5 14.Qe2 Nf5 15.Nxh5 Rxh5 16.g4 Rh4
17.gxf5 Re4 18.Qd3 exf5 19.Ng5 Rg4+ 20.Kh1 Na6 21.f3 Rh4 22.e6 fxe6 23.Nxe6 Bd6
24.f4 g6 25.Rae1 Kf7 26.Ng5+ Kg7 27.Ne6+ Kf6 28.Ng5 Rah8 29.Rf2 Nc7 30.Qf3 Rg4
31.Qb3 Rhh4 32.Nf3 Rh3 33.Ne5 Qh7 34.Re3 Rgh4 35.Rxh3 Rxh3 36.c3 a4 37.Qd1 Qh5
38.Qf1 Bxe5 39.dxe5+ Kf7 40.Qe1 Ne6 41.Be3 Qg4 42.Qd2 Rf3 43.Rxf3 Qxf3+ 44.Kg1 g5
45.fxg5 f4 46.g6+ Kxg6 47.Bxb6 Ng5 48.Bf2 Nh3+ 49.Kf1 Qh1+ 50.Ke2 Nxf2 51.Qxf4 Ne4
52.h4 Qg2+ 53.Kd3 Nc5+ 54.Ke3 Qg1+ 55.Ke2 Qg2+ 56.Kd1 Qh1+ 57.Kc2 Qc1+ 58.Kxc1 Nd3+
59.Kd2 Nxf4 60.Kc2 Kh5  1/2-1/2

[Event "Algimantas Cesnauskas Mem"]
[Site "Panevezys LAT"]
[Date "2009.04.24"]
[Round "6"]
[White "Hedman,E"]
[Black "Novikov,Vit"]
[Result "0-1"]
[WhiteElo "2396"]
[BlackElo "2314"]

1.e4 e6 2.d4 d5 3.Nc3 Bb4 4.e5 Qd7 5.a3 Bxc3+ 6.bxc3 b6 7.Qg4 f5 8.Qg3 Ba6
9.Bxa6 Nxa6 10.Ne2 O-O-O 11.a4 Kb7 12.a5 b5 13.Rb1 Ka8 14.h4 c6 15.Nf4 Qf7
16.h5 Re8 17.Rh4 Nh6 18.Ba3 Qc7 19.Rb3 Rhg8 20.Bd6 Qd7 21.Nd3 Nf7 22.Bb4 Nd8
23.Qe3 Nb7 24.f3 Rc8 25.Nc5 Naxc5 26.dxc5 Qd8 27.Rh1 Nxa5 28.Bxa5 Qxa5 29.Kf2 Qd8
30.Ra3 Rc7 31.g4 Rf8 32.Kg2 fxg4 33.fxg4 Rcf7 34.Rha1 Qh4  0-1